Estrategias de mercantilización de la educación y tiempos desiguales de los tratados de libre comercio: el caso de Brasil /

Sobre la idea de que el avance de los procesos de privatización y mercantilización de los servicios públicos estaría exclusiva o eminentemente supeditado a la firma de los denominados Tratados de Libre Comercio, el autor postula la necesidad de introducir componentes analíticos que permitan profundi...

Celý popis

Uloženo v:
Podrobná bibliografie
Hlavní autor: Leher, Roberto
Médium: Text
Témata:
Tagy: Přidat tag
Žádné tagy, Buďte první, kdo vytvoří štítek k tomuto záznamu!

MARC

LEADER 00000 a a2200000 04500
001 43428
003
040
100 |a Leher, Roberto  
245 |a Estrategias de mercantilización de la educación y tiempos desiguales de los tratados de libre comercio:   |b el caso de Brasil /  |c Roberto Leher  
520 |a Sobre la idea de que el avance de los procesos de privatización y mercantilización de los servicios públicos estaría exclusiva o eminentemente supeditado a la firma de los denominados Tratados de Libre Comercio, el autor postula la necesidad de introducir componentes analíticos que permitan profundizar y complejizar los estudios y debates en la materia. En tal sentido, reconoce el carácter multifacético de los mismos, dada la enorme diversidad de cuestiones involucradas, y defiende como ineludible la consideración de tres aspectos centrales: la crisis del capitalismo; la ideología de la globalización y las reconfiguraciones de la hegemonía neoliberal; y las luchas contra los procesos de mercantilización protagonizada por movimientos, grupos y colectivos sociales en todo el continente.  
590 |a RRA/JULIO2012  
650 |a 1.GLOBALIZACION  
650 |a 2.NEOLIBERALISMO  
650 |a 3.LIBRE COMERCIO  
650 |a 4.MOVIMIENTOS SOCIALES  
650 |a 5.PRIVATIZACION  
650 |a 6.BRASIL  
773 |g páginas 15-65 : gráficos  
999 |c 28442  |d 28442